Statistics for US States that Start and End in a Vowel

Click here to take the quiz!

General Stats

  • This quiz has been taken 143 times
  • The average score is 7 of 8

Answer Stats

State% Correct
Alabama
97%
Alaska
95%
Iowa
94%
Indiana
92%
Ohio
92%
Arizona
87%
Idaho
81%
Oklahoma
74%

Score Distribution

Percentile by Number Answered

Percent of People with Each Score

Your Score History

You have not taken this quiz